[Event "GER-ch Net Amateur Gr-A Vor2"]
[Site "Playchess.com INT"]
[Date "2020.04.15"]
[Round "8"]
[White "Gley, Reinhard"]
[Black "Haase, Thomas Konstantin"]
[Result "0-1"]
[WhiteElo "1667"]
[BlackElo "1788"]
[PlyCount "90"]
[EventDate "2020.04.15"]
[EventType "swiss (blitz)"]
[EventRounds "9"]
[EventCountry "GER"]
[SourceTitle "CBM 196 Extra"]
[Source "ChessBase"]
[SourceDate "2020.07.31"]
[SourceVersion "1"]
[SourceVersionDate "2020.07.31"]
[SourceQuality "1"]

1. Nf3 c5 2. e4 d6 3. c3 Nf6 4. Qc2 d5 5. e5 Ng8 6. d4 Bg4 7. Be2 e6 8. h3 Bf5 9. Bd3 Bxd3 10. Qxd3 Nc6 11. a3 h5 12. Nbd2 Nh6 13. dxc5 Bxc5 14. b4 Bb6 15. Nb3 Nf5 16. a4 a6 17. Ba3 Qc7 18. 0-0 Nxe5 19. Nxe5 Qxe5 20. b5 Qc7 21. Nd4 Ne7 22. Rfe1 0-0 23. a5 Bc5 24. b6 Qc8 25. Bb2 Bxd4 26. cxd4 Qc4 27. Qf3 Rac8 28. Ba3 Rce8 29. Bc5 Qb5 30. Qxh5 Qd7 31. Re3 Rc8 32. Rg3 Rfe8 33. Re1 Nf5 34. Rg4 Qd8 35. Re5 Qf6 36. Rxf5 exf5 37. Rg5 g6 38. Qh4 Re4 39. f4 Rce8 40. Kh2 Re2 41. Qg3 R8e3 42. Qh4 Rc3 43. Qh6 Rcc2 44. Qf8+ Kh7 45. Be7 Rxe7 0-1